000 00677nam a22001697a 4500
003 OSt
005 20171010095442.0
008 120611t xxu||||| |||| 00| 0 eng d
040 _aMMSU
_cULS
100 _aBalantac, Merry Chris P., Cacatian, Ronald M.
_910159
245 _aDesign, fabrication and testing of a laboratory scale solution heater with interface water temperature controller
_cMerry Chris P. Balantac, Ronald M. Cacatian
260 _c2006
300 _aix, [128] leaves
_c28 cm.
500 _aThesis (BS Chemical Engineering) -- Mariano Marcos State University-College of Engineering, Batac City
504 _aBibliography: leaves 33-34
942 _2ddc
_cTHEDIS
999 _c9554
_d9554